000 00790nam a2200181Ia 4500
008 100920s9999 xx 000 0 und d
082 _b33601
_a491.462 थ 76
100 _aदेवल गोविंद बल्लाळ.
245 _aएकच दिवसाची चुकामूक ! अथवा दुर्गा नाटक.
260 _bरम्यकथा प्रकाशन, पुणें 2.
_c1976
300 _a64
_bसाधी
365 _b3.5
520 _aनाटक.
630 _aएकच दिवसाची चुकामूक ! अथवा दुर्गा नाटक.
650 _aनाटक.
730 _aएकच दिवसाची चुकामूक ! अथवा दुर्गा नाटक.
942 _cBOOK
999 _c688151
_d688148